| 000 | 00392nam a2200181Ia 4500 | ||
|---|---|---|---|
| 001 | 2772 | ||
| 005 | 20260306144831.0 | ||
| 008 | 260306t1947||||xx |||||||||||||| ||spa|| | ||
| 041 | _aESP | ||
| 082 |
_a230 _bD75 T. 1 |
||
| 100 |
_aHojeda, Diego de _eAUT |
||
| 245 | 0 | _aLa cristiada | |
| 260 | _c1947 | ||
| 300 |
_a _c17 cm. |
||
| 650 | _aGEN | ||
| 654 | _aCHU | ||
| 942 |
_cLIB _dJUS _fJUS _2ddc _n |
||
| 999 |
_c2772 _d2772 |
||